Klíma školy ako riadiaci fenomén

Potreba skúmania a poznania klímy školy. Charakteristika pojmu klímy školy, funkcie klímy školy. Statické a dynamické chápanie klímy školy. Klasifikácia klímy školy. Zisťovanie a meranie klímy školy.

Gespeichert in:
Bibliographische Detailangaben
1. Verfasser: Zelina, Miron
Format: Buchkapitel
Sprache:Slowakisch
Schlagworte:
Tags: Tag hinzufügen
Keine Tags, Fügen Sie das erste Tag hinzu!

MARC

LEADER 00000naa$a2200000$$$4500
001 0078115
005 20231127101131.8
041 0 |a slo 
044 |a SK 
245 1 0 |a Klíma školy ako riadiaci fenomén  |c Miron Zelina 
520 |a Potreba skúmania a poznania klímy školy. Charakteristika pojmu klímy školy, funkcie klímy školy. Statické a dynamické chápanie klímy školy. Klasifikácia klímy školy. Zisťovanie a meranie klímy školy. 
610 2 0 |a školy 
610 2 0 |a riadenie 
610 2 0 |a klíma školy 
610 2 0 |a dotazníky 
100 1 |a Zelina, Miron